[Event "Ruhrgebiet Regionalliga 0001"]
[Site "Ruhrgebiet"]
[Date "2001.06.10"]
[Round "11"]
[White "Meyer, Oliver"]
[Black "Heisterkamp, Oliver"]
[Result "1/2-1/2"]
[WhiteElo "2039"]
[BlackElo "2021"]
[PlyCount "95"]
[EventDate "2000.09.17"]
[EventType "team-tourn"]
[EventRounds "11"]
[EventCountry "GER"]
[SourceTitle "EXT 2024"]
[Source "ChessBase"]
[SourceDate "2023.10.10"]
[SourceVersion "1"]
[SourceVersionDate "2023.10.10"]
[SourceQuality "1"]
[WhiteTeam "Erkenschwick"]
[BlackTeam "Oberhausen SV"]
[WhiteTeamCountry "GER"]
[BlackTeamCountry "GER"]

1. c4 g6 2. Nc3 Bg7 3. e4 Nc6 4. g3 d6 5. Bg2 e5 6. Nge2 Be6 7. d3 Qd7 8. Nd5 Nce7 9. Be3 c6 10. Nxe7 Nxe7 11. 0-0 0-0 12. Rc1 f5 13. b4 a5 14. a3 axb4 15. axb4 Ra2 16. Rc2 Ra3 17. Qd2 Rfa8 18. Rb1 h5 19. h4 Kh7 20. Kh2 Ng8 21. Ng1 fxe4 22. dxe4 Nf6 23. f3 Rf8 24. Bg5 Ne8 25. Rd1 Qf7 26. Bf1 Bf6 27. Be3 Qe7 28. Bh3 Ng7 29. Bh6 Rd8 30. Bxg7 Kxg7 31. Bxe6 Qxe6 32. Kg2 Qf7 33. b5 Be7 34. Rc3 Rda8 35. Rxa3 Rxa3 36. Qb2 Qxc4 37. Qxa3 Qc2+ 38. Kh1 Qxd1 39. Qa7 cxb5 40. Qxb7 Kf8 41. Qxb5 Qa1 42. Qb8+ Kf7 43. Qb3+ Kf6 44. Qd3 Qc1 45. Kg2 Qc5 46. Ne2 Bd8 47. Nc3 Kg7 48. Nd5 1/2-1/2

[Event "Ruhrgebiet Regionalliga 0001"]
[Site "Ruhrgebiet"]
[Date "2001.02.11"]
[Round "6"]
[White "Meyer, Oliver"]
[Black "Niebergall, Gerhard"]
[Result "1/2-1/2"]
[WhiteElo "2039"]
[BlackElo "2004"]
[PlyCount "46"]
[EventDate "2000.09.17"]
[EventType "team-tourn"]
[EventRounds "11"]
[EventCountry "GER"]
[SourceTitle "EXT 2024"]
[Source "ChessBase"]
[SourceDate "2023.10.10"]
[SourceVersion "1"]
[SourceVersionDate "2023.10.10"]
[SourceQuality "1"]
[WhiteTeam "Erkenschwick"]
[BlackTeam "Castrop Rauxel II"]
[WhiteTeamCountry "GER"]
[BlackTeamCountry "GER"]

1. c4 Nf6 2. Nc3 d5 3. cxd5 Nxd5 4. Nf3 g6 5. e4 Nxc3 6. dxc3 Qxd1+ 7. Kxd1 Bg4 8. Bf4 c6 9. Kc2 Nd7 10. Bc4 Bxf3 11. gxf3 e5 12. Be3 Bc5 13. Rhd1 Bxe3 14. fxe3 Ke7 15. Rd2 Nb6 16. Bb3 Rad8 17. Rad1 Rxd2+ 18. Rxd2 a5 19. a4 f6 20. Kd1 Rd8 21. Rxd8 Kxd8 22. Ke2 Ke7 23. Kd3 Kd6 1/2-1/2